[Event "AUTO-OPEN-2578"]
[Site "http://www.queenalice.com/game.php?id=1020776"]
[Date "2012.1.30"]
[Round "1"]
[White "josekasparov"]
[Black "LORD_SAMAEL"]
[Result "1-0"]
[WhiteElo "2281"]
[BlackElo "1801"]

1. d4 d5 2. c4 e6 3. Nc3 Bb4 4. Nf3 Nf6 5. Bg5 Nc6 6. e3 h6 7. Bxf6 Qxf6 8. Rc1
O-O 9. Bd3 b6 10. cxd5 exd5 11. O-O Bg4 12. Nxd5 Qg6 13. Bxg6 fxg6 14. Rxc6 Bxf3
15. gxf3 Rf5 16. Nxb4 Raf8 17. f4 R5f7 18. Qc2 1-0

[Event "AUTO-OPEN-2578"]
[Site "http://www.queenalice.com/game.php?id=1020777"]
[Date "2012.1.30"]
[Round "1"]
[White "LORD_SAMAEL"]
[Black "josekasparov"]
[Result "0-1"]
[WhiteElo "1803"]
[BlackElo "2280"]

1. e4 c5 2. Nf3 d6 3. Nc3 Nc6 4. Bb5 Bd7 5. d3 g6 6. Bg5 Bg7 7. O-O h6 8. Bh4
Nf6 9. Re1 g5 10. Bg3 Nh5 11. Bxc6 Bxc6 12. e5 Nxg3 13. fxg3 Bxe5 14. Qe2 Bf6
15. Ne4 Bxb2 16. Rab1 Bg7 17. Qf2 g4 0-1

[Event "AUTO-OPEN-2578"]
[Site "http://www.queenalice.com/game.php?id=1020814"]
[Date "2012.1.30"]
[Round "1"]
[White "SVatrachki"]
[Black "LORD_SAMAEL"]
[Result "1-0"]
[WhiteElo "1758"]
[BlackElo "1832"]

1. e4 e5 2. Bc4 Nc6 3. Nh3 d6 4. c3 Bxh3 5. gxh3 Qh4 6. Qg4 Qf6 7. Bb5 Nh6 8.
Qg2 Be7 9. d3 O-O 10. Bxc6 bxc6 11. Bg5 Qxg5 12. Qxg5 Bxg5 13. f3 d5 14. Nd2
Bxd2+ 15. Kxd2 dxe4 16. fxe4 Rab8 17. b3 Rfd8 18. Ke3 Rd6 19. Rhg1 Rbd8 20. Rad1
1-0

[Event "AUTO-OPEN-2578"]
[Site "http://www.queenalice.com/game.php?id=1020815"]
[Date "2012.1.30"]
[Round "1"]
[White "LORD_SAMAEL"]
[Black "SVatrachki"]
[Result "0-1"]
[WhiteElo "1853"]
[BlackElo "1737"]

1. e4 e5 2. Nf3 d6 3. h3 Nc6 4. Bb5 Bd7 5. Nc3 Nd4 6. Bxd7+ Qxd7 7. d3 Be7 8.
O-O O-O-O 9. Be3 Bf6 10. Nd5 Ne7 11. Nxf6 gxf6 12. Bxd4 Rdg8 13. Kh2 Rg7 14.
Bxa7 b6 15. a4 f5 16. Nh4 Rhg8 17. Qf3 f4 18. a5 d5 19. axb6 Ng6 0-1

[Event "AUTO-ADV-2388"]
[Site "http://www.queenalice.com/game.php?id=1022586"]
[Date "2012.1.31"]
[Round "1"]
[White "luismabibbo"]
[Black "LORD_SAMAEL"]
[Result "0-1"]
[WhiteElo "1818"]
[BlackElo "1899"]

1. e4 e5 2. Nf3 Nc6 3. Bc4 Nf6 4. d3 h6 5. Be3 d5 6. exd5 Nxd5 7. Bb5 Bg4 8.
Bxc6+ bxc6 9. Bd2 Rb8 10. b3 Bc5 11. h3 Bxf3 12. Qxf3 Bd4 13. c3 Bc5 14. O-O Qf6
15. Qxf6 gxf6 16. b4 Bd6 0-1

[Event "AUTO-ADV-2388"]
[Site "http://www.queenalice.com/game.php?id=1022587"]
[Date "2012.1.31"]
[Round "1"]
[White "LORD_SAMAEL"]
[Black "luismabibbo"]
[Result "1-0"]
[WhiteElo "1872"]
[BlackElo "1791"]

1. e4 e5 2. Nf3 d6 3. Nc3 Nc6 4. Bb5 Bd7 5. d3 a6 6. Ba4 Nf6 7. Bg5 h6 8. Bh4
Be7 9. O-O g5 10. Bg3 Nd4 11. Bxd7+ Qxd7 12. h3 Rg8 13. Nxd4 exd4 14. Nd5 Nxd5
15. exd5 Qb5 16. b3 Qxd5 17. Re1 1-0

[Event "AUTO-ADV-2388"]
[Site "http://www.queenalice.com/game.php?id=1022603"]
[Date "2012.1.31"]
[Round "1"]
[White "LORD_SAMAEL"]
[Black "reghini"]
[Result "0-1"]
[WhiteElo "1946"]
[BlackElo "1874"]

1. e4 e5 2. Nc3 Bb4 3. Nf3 Bxc3 4. dxc3 f6 5. Bc4 Ne7 6. O-O c6 7. Be3 d5 8. Bd3
O-O 9. Bc5 b6 10. Bxe7 Qxe7 11. Bc4 dxc4 0-1

[Event "AUTO-ADV-2388"]
[Site "http://www.queenalice.com/game.php?id=1022604"]
[Date "2012.1.31"]
[Round "1"]
[White "reghini"]
[Black "LORD_SAMAEL"]
[Result "1-0"]
[WhiteElo "1828"]
[BlackElo "1871"]

1. e4 e5 2. Nf3 Nc6 3. Bb5 Nf6 4. Bxc6 dxc6 5. c3 Bg4 6. O-O Bc5 7. b4 Bb6 8. d3
h6 9. Nbd2 O-O 10. Qc2 Qd7 11. Nxe5 Qe6 12. d4 Bh5 13. Ba3 Rfe8 14. Rae1 Ng4 15.
Nec4 Rad8 16. f4 a6 17. Nxb6 1-0

[Event "AUTO-ADV-2388"]
[Site "http://www.queenalice.com/game.php?id=1022605"]
[Date "2012.1.31"]
[Round "1"]
[White "LORD_SAMAEL"]
[Black "Clauceri"]
[Result "0-1"]
[WhiteElo "1926"]
[BlackElo "1869"]

1. e4 c5 2. Nf3 Nc6 3. Nc3 d6 4. Bb5 Bd7 5. d3 a6 6. Bxc6 bxc6 7. O-O g6 8. Bf4
Bg7 9. Re1 Nf6 10. e5 dxe5 11. Bxe5 O-O 12. Qd2 Re8 13. Qf4 Nh5 14. Qh4 Bxe5 15.
Rxe5 Nf6 16. Ne4 Nxe4 17. dxe4 Kg7 18. Rd1 e6 19. Qh3 Qe7 20. Rd3 f6 21. Rxc5
Qxc5 22. Rxd7+ Re7 23. Qxe6 Re8 24. e5 Rxd7 25. Qxf6+ Kg8 26. g3 Rf7 27. Qg5
Rxf3 0-1

[Event "AUTO-ADV-2388"]
[Site "http://www.queenalice.com/game.php?id=1022606"]
[Date "2012.1.31"]
[Round "1"]
[White "Clauceri"]
[Black "LORD_SAMAEL"]
[Result "0-1"]
[WhiteElo "1869"]
[BlackElo "1912"]

1. d4 d5 2. c4 e6 3. e3 Nf6 4. Nc3 Bb4 5. Bd2 Nc6 6. Qc2 O-O 7. Bd3 Bd7 8. Nf3
Qe7 9. O-O Bxc3 10. Bxc3 g6 11. e4 Rad8 12. cxd5 exd5 13. e5 Nh5 14. Bd2 Bg4 15.
Bg5 f6 16. exf6 Nxf6 17. Rfe1 Qd6 18. Bxg6 Bxf3 19. Bxf6 Rxf6 20. Bxh7+ Kh8 21.
gxf3 Rxf3 22. Rad1 Rh3 23. Bf5 Qxh2+ 24. Kf1 Rf3 25. Bg6 Rdf8 26. Rd2 Qh1+ 0-1

[Event "AUTO-OPEN-2586"]
[Site "http://www.queenalice.com/game.php?id=1022641"]
[Date "2012.1.31"]
[Round "1"]
[White "LORD_SAMAEL"]
[Black "Pato"]
[Result "0-1"]
[WhiteElo "1908"]
[BlackElo "2162"]

1. e4 e5 2. Nf3 Qe7 3. Nc3 c6 4. Bc4 d6 5. h3 b5 6. Bb3 b4 7. Na4 Nf6 8. d3 g6
9. Bg5 Bg7 10. O-O O-O 11. a3 bxa3 12. Rxa3 Nbd7 13. Re1 h6 14. Bh4 Rd8 15. d4
Nf8 16. Bxf6 Bxf6 17. d5 cxd5 18. Bxd5 Rb8 19. Qd2 Kg7 20. Rd3 Ne6 21. Bxe6 Bxe6
22. Rd1 Qe8 23. Rxd6 Qxa4 24. Qc3 Rxd6 25. Rxd6 Qxe4 26. Kh2 Rc8 27. Qe3 Qxe3
28. fxe3 Rxc2 0-1

[Event "AUTO-OPEN-2586"]
[Site "http://www.queenalice.com/game.php?id=1022643"]
[Date "2012.1.31"]
[Round "1"]
[White "LORD_SAMAEL"]
[Black "kpfingaz"]
[Result "0-1"]
[WhiteElo "1927"]
[BlackElo "1639"]

1. e4 e5 2. Nf3 d6 3. Nc3 c6 4. Bc4 Qe7 5. d3 b5 6. Bb3 a6 7. Ng5 h6 8. Nxf7 Rh7
9. Qh5 g6 10. Qxg6 Rg7 11. Qh5 Be6 12. Nxh6+ Kd7 13. Bxe6+ Qxe6 14. Nf5 Rf7 15.
Be3 Nf6 16. Qf3 Kc7 17. b4 Nbd7 18. a4 d5 19. exd5 cxd5 20. axb5 Bxb4 21. Bd2
Bc5 22. O-O a5 23. Ng3 Kd6 24. Rfe1 Ng4 0-1

[Event "AUTO-OPEN-2586"]
[Site "http://www.queenalice.com/game.php?id=1022644"]
[Date "2012.1.31"]
[Round "1"]
[White "kpfingaz"]
[Black "LORD_SAMAEL"]
[Result "1-0"]
[WhiteElo "1601"]
[BlackElo "1790"]

1. e4 e5 2. Bc4 Nc6 3. Qh5 Qe7 4. Nf3 Nf6 5. Qh3 d5 6. Qg3 dxc4 7. Nc3 Bg4 8.
Nh4 Nd4 9. O-O b5 10. f3 Bh5 11. Re1 Nxc2 12. Nf5 Qc5+ 13. d4 Nxd4 14. Be3 Rd8
15. Kh1 Nxf5 16. exf5 Qd6 17. Nxb5 Qe7 18. Rac1 a6 19. Na3 Qd7 20. Qh3 Bxa3 21.
bxa3 Qd5 22. Qh4 Rd6 23. Rf1 O-O 24. Qg3 Kh8 25. Qf2 Rfd8 26. h3 e4 27. g4 exf3
28. Bf4 Rc6 29. Rcd1 Qxd1 30. gxh5 1-0

[Event "AUTO-OPEN-2586"]
[Site "http://www.queenalice.com/game.php?id=1022645"]
[Date "2012.1.31"]
[Round "1"]
[White "LORD_SAMAEL"]
[Black "nadigo"]
[Result "0-1"]
[WhiteElo "1813"]
[BlackElo "2083"]

1. e4 e5 2. Nf3 Nc6 3. Nc3 Nf6 4. Bb5 Nd4 5. Bc4 d6 6. h3 Be6 7. Bxe6 Nxe6 8. d3
Qc8 9. O-O Be7 10. Bd2 O-O 11. Re1 c6 12. Bg5 Nxg5 13. Nxg5 Qc7 14. Qf3 h6 0-1

[Event "AUTO-OPEN-2586"]
[Site "http://www.queenalice.com/game.php?id=1022646"]
[Date "2012.1.31"]
[Round "1"]
[White "nadigo"]
[Black "LORD_SAMAEL"]
[Result "1-0"]
[WhiteElo "2088"]
[BlackElo "1808"]

1. e4 e5 2. Nf3 Nc6 3. Nc3 Nf6 4. Bb5 Bb4 5. O-O O-O 6. d3 h6 7. a3 Ba5 8. b4
Bb6 9. Na4 a6 10. Nxb6 cxb6 11. Ba4 b5 12. Bb3 d6 13. Be3 Bg4 14. h3 Bh5 15. g4
Bg6 16. Kg2 1-0

[Event "AUTO-MASTER-1572"]
[Site "http://www.queenalice.com/game.php?id=1022779"]
[Date "2012.1.31"]
[Round "1"]
[White "schwam"]
[Black "LORD_SAMAEL"]
[Result "1-0"]
[WhiteElo "1939"]
[BlackElo "1885"]

1. Nf3 d5 2. b3 Nc6 3. Bb2 Nf6 4. e3 Bg4 5. Be2 e6 6. O-O Bd6 7. d4 O-O 8. Nbd2
a6 9. h3 Bh5 10. c4 Ne4 11. c5 Be7 12. Ne5 Bxe2 13. Qxe2 Nxd2 14. Qxd2 Nxe5 15.
dxe5 Bxc5 16. Rac1 Bb6 17. Rfd1 Qg5 18. f4 Qxf4 19. Bd4 Qg5 20. Bxb6 cxb6 21.
Qd4 b5 22. Rc7 Rab8 23. Rdc1 h6 24. Rd7 Rfc8 25. Rcc7 Rxc7 26. Rxc7 Qf5 27. Qf4
Qxf4 28. exf4 g6 29. Kf2 Kg7 30. Ke3 g5 31. g3 Kg6 32. fxg5 hxg5 33. g4 1-0

[Event "AUTO-MASTER-1572"]
[Site "http://www.queenalice.com/game.php?id=1022780"]
[Date "2012.1.31"]
[Round "1"]
[White "LORD_SAMAEL"]
[Black "schwam"]
[Result "0-1"]
[WhiteElo "1799"]
[BlackElo "1985"]

1. e4 c6 2. Nf3 d5 3. e5 Bg4 4. d4 e6 5. Nc3 Nd7 6. h3 Bf5 7. Bd3 Bxd3 8. Qxd3
c5 9. Qb5 Qb6 10. Qxb6 Nxb6 11. O-O cxd4 12. Nxd4 Bc5 13. Be3 Nc4 14. Ndb5 Rc8
15. Bxc5 Rxc5 16. Nxa7 Nxb2 17. Ncb5 Kd7 18. Nd6 Ne7 19. Rab1 Ra5 20. Rxb2 Rxa7
21. Rxb7+ Rxb7 22. Nxb7 Nc6 23. a4 Ra8 24. Ra1 Nxe5 25. a5 Ra7 26. Nc5+ Kc6 27.
Nb3 Nc4 28. g4 e5 29. Kf1 Kb5 30. Ke2 Ra6 31. Kd3 Nxa5 32. Nxa5 Rxa5 33. Rb1+
Kc6 34. f3 Ra3+ 35. Ke2 f6 36. Rb3 Rxb3 0-1

[Event "AUTO-MASTER-1572"]
[Site "http://www.queenalice.com/game.php?id=1022793"]
[Date "2012.1.31"]
[Round "1"]
[White "ggg09"]
[Black "LORD_SAMAEL"]
[Result "1-0"]
[WhiteElo "1761"]
[BlackElo "1970"]

1. e4 e5 2. Nf3 Nc6 3. Bc4 d6 4. c3 Nf6 5. d3 Bg4 6. h3 Bh5 7. Bg5 Be7 8. O-O
O-O 9. Nbd2 h6 10. Bh4 a6 11. Qb3 b5 12. Bd5 Qd7 13. Bxc6 1-0

[Event "AUTO-MASTER-1572"]
[Site "http://www.queenalice.com/game.php?id=1022794"]
[Date "2012.1.31"]
[Round "1"]
[White "LORD_SAMAEL"]
[Black "ggg09"]
[Result "0-1"]
[WhiteElo "1902"]
[BlackElo "1961"]

1. e4 e6 2. Nf3 c5 3. Bc4 Nc6 4. O-O Nf6 5. d3 d5 6. Bb5 Bd7 7. Nc3 a6 8. Bxc6
Bxc6 9. Bg5 Be7 10. Bxf6 Bxf6 11. Re1 O-O 12. exd5 Bxc3 13. bxc3 Bxd5 14. c4 Bc6
15. Qd2 Bxf3 16. gxf3 Qd4 17. Rab1 Rab8 18. Re4 Qf6 19. Qe3 b6 20. a4 Rfd8 21.
Rf4 Qc3 22. Qc1 f5 0-1

[Event "AUTO-MASTER-1572"]
[Site "http://www.queenalice.com/game.php?id=1022801"]
[Date "2012.1.31"]
[Round "1"]
[White "ignacius"]
[Black "LORD_SAMAEL"]
[Result "1-0"]
[WhiteElo "2087"]
[BlackElo "1880"]

1. d4 d5 2. c4 e6 3. cxd5 exd5 4. Bf4 Nf6 5. Nf3 Bg4 6. Ne5 Bd6 7. Qb3 Nc6 8.
Nxc6 bxc6 9. Bxd6 Qxd6 10. Qe3+ Qe6 11. Qxe6+ Bxe6 12. Nc3 O-O 13. e3 Rab8 14.
b3 Ne4 15. Na4 h6 16. Bd3 Rfe8 17. Bxe4 dxe4 18. Nc5 Bd5 19. Rb1 Re7 20. a4 a5
21. Ke2 g5 22. Rb2 1-0

[Event "AUTO-MASTER-1572"]
[Site "http://www.queenalice.com/game.php?id=1022802"]
[Date "2012.1.31"]
[Round "1"]
[White "LORD_SAMAEL"]
[Black "ignacius"]
[Result "0-1"]
[WhiteElo "1888"]
[BlackElo "2079"]

1. e4 c5 2. Nf3 g6 3. Bc4 e6 4. d3 Bg7 5. Nc3 a6 6. O-O Nc6 7. Bg5 Qc7 8. Re1
Qb6 9. Rb1 Nd4 10. Nxd4 cxd4 11. Ne2 Qc6 12. Bb3 Qb5 13. Qd2 h6 14. Bf4 e5 15.
Bg3 Nf6 16. Bc4 Qc5 17. b4 Qc7 18. Nxd4 b5 19. Bd5 Nxd5 20. exd5 O-O 21. Nf3 d6
22. d4 exd4 23. Nxd4 Bd7 24. Qf4 Bxd4 25. Qxd4 Bf5 0-1